Islam in history (Record no. 62976)

000 -LEADER
fixed length control field 00480nam a22001937a 4500
003 - CONTROL NUMBER IDENTIFIER
control field NUST - PNEC
005 - DATE AND TIME OF LATEST TRANSACTION
control field 20170116180801.0
008 - FIXED-LENGTH DATA ELEMENTS--GENERAL INFORMATION
fixed length control field 150414b xxu||||| |||| 00| 0 eng d
020 ## - INTERNATIONAL STANDARD BOOK NUMBER
International Standard Book Number 8171512720
040 ## - CATALOGING SOURCE
Transcribing agency LIBRARY
082 ## - DEWEY DECIMAL CLASSIFICATION NUMBER
Classification number 297 MUN
100 ## - MAIN ENTRY--PERSONAL NAME
9 (RLIN) 2551
Personal name Munir, Muhammad.
245 ## - TITLE STATEMENT
Title Islam in history
Statement of responsibility, etc. Muhammad Munir
250 ## - EDITION STATEMENT
Edition statement -
260 ## - PUBLICATION, DISTRIBUTION, ETC.
Place of publication, distribution, etc. India :
Name of publisher, distributor, etc. New Delhi
Date of publication, distribution, etc. c 1999.
300 ## - PHYSICAL DESCRIPTION
Extent 253 p.:
650 ## - SUBJECT ADDED ENTRY--TOPICAL TERM
9 (RLIN) 2552
Topical term or geographic name entry element Islam in history
General subdivision Islam
942 ## - ADDED ENTRY ELEMENTS (KOHA)
Source of classification or shelving scheme
Koha item type Book
Holdings
Withdrawn status Lost status Source of classification or shelving scheme Damaged status Not for loan Permanent Location Current Location Shelving location Date acquired Source of acquisition Cost, normal purchase price Total Checkouts Full call number Barcode Date last seen Cost, replacement price Price effective from Koha item type
          Pakistan Navy Engineering College (PNEC) Pakistan Navy Engineering College (PNEC)   05/08/2000 Paramount Publishing Enterprise 229.50   297 MUN PNECLIB-021958 04/14/2015 229.50 05/08/2000 Book
© 2023 Central Library, National University of Sciences and Technology. All Rights Reserved.